Longest Running Disney Channel Shows - Statistics

General Stats
  • This quiz has been taken 118 times
  • The average score is 9 of 16
Answer Stats
Episodes Series Years % Correct
98 Jessie 2011-15
84%
98 Hannah Montana 2006-11
76%
100 That's So Raven 2004-07
71%
87 The Suite Life of Zack and Cody 2005-08
66%
87 Austin and Ally 2011-16
64%
97 Good Luck Charlie 2010-14
64%
71 The Suite Life on Deck 2008-11
62%
80 Liv and Maddie 2013-17
58%
106 Wizards of Waverly Place 2008-12
58%
159 Bunk'd 2015-
56%
71 Girl Meets World 2014-17
50%
122 Raven's Home 2017-
49%
75 Shake It Up 2011-13
45%
89 Lab Rats 2012-16
40%
75 K.C. Undercover 2015-18
36%
84 Kickin' It 2011-15
28%
No matching quizzes found
Score Distribution
Percent of People with Each Score
Percentile by Number Answered
Your Score History
You have not taken this quiz